000 00619nam a2200193Ia 4500
008 151121s9999||||xx |||||||||||||| ||und||
082 _a813/आपटे
082 _bHNW-55318
100 _aआपटे शरद
245 _aमधली नदी साक्षीला
260 _b"निशान्त प्रकाशन, पुणे।"
260 _c--
300 _a123
600 _aआपटे शरद
630 _aमधली नदी साक्षीला
700 _aआपटे शरद
730 _aमधली नदी साक्षीला
942 _cBOOK
999 _c1238250
_d1238247